| 000 | 01449cad a22002415a 4500 | ||
|---|---|---|---|
| 001 | L140493 | ||
| 008 | 070925e20070924xxk f 000 0 eng d | ||
| 035 | _a(Sirsi) u140493 | ||
| 041 | 0 | _aeng | |
| 050 | 0 | 4 | _a306.1 $2 18 |
| 100 | 1 | _aShaw, Rob | |
| 245 | 0 | 0 |
_aEco-towns and the next 60 years of planning _h[electronic resource] |
| 260 |
_aLondon _bTCPA _c2007 |
||
| 490 | 0 |
_aTown and Country Planning Tomorrow Series _v9 |
|
| 520 | _aConsiders changes which may have to be made to the planning system in order to meet the challenges of climate change. Provides an overview of recent government policy developments, including the 2003 Sustainable Communities Plan, growth points and the commitment to build a series of eco-towns. Summarises the expected effects of climate change in the UK. Considers approaches aimed at mitigating and preventing the effects of climate change. Compiles and suggests a series of steps aimed at developing a climate change bill in harmony with future planning policy. Identifies a need for skilled cross-disciplinary personnel in the planning sector. | ||
| 590 | _aKA NTK | ||
| 650 | 2 | 4 | _aTOWN AND COUNTRY PLANNING ACT 1947 |
| 650 | 2 | 4 | _aSUSTAINABLE COMMUNITIES: BUILDING FOR THE FUTURE |
| 651 | 4 |
_aUnited Kingdom _y |
|
| 690 | _aPROPERTY-RESIDENTIAL PROPERTY-RESIDENTIAL PROPERTY DEVELOPMENT | ||
| 856 | 4 | 0 |
_uhttps://www.tcpa.org.uk/news.asp _zView the item free of charge at www.tcpa.org.uk... |
| 942 | _n0 | ||
| 999 |
_c107509 _d107509 |
||